[Event "ROM-chT2"]
[Site "Calimanesti"]
[Date "2014.11.13"]
[Round "6.5"]
[White "Duca, Alexandru Gabriel"]
[Black "Neagu, Liviu"]
[Result "1-0"]
[WhiteElo "2278"]
[BlackElo "2094"]
[PlyCount "201"]
[EventDate "2014.11.08"]
[EventType "team-tourn"]
[EventRounds "9"]
[EventCountry "ROU"]
[SourceTitle "CBM 163 Extra"]
[Source "ChessBase"]
[SourceDate "2014.12.23"]
[SourceVersion "1"]
[SourceVersionDate "2014.12.23"]
[SourceQuality "1"]
[WhiteTeam "Brasov CSU"]
[BlackTeam "Targoviste University"]
[WhiteTeamCountry "ROU"]
[BlackTeamCountry "ROU"]

1. Nf3 Nf6 2. c4 g6 3. Nc3 Bg7 4. g3 0-0 5. Bg2 d6 6. d4 Nbd7 7. 0-0 e5 8. e4 a5 9. Re1 Re8 10. h3 exd4 11. Nxd4 Ne5 12. b3 Bd7 13. Be3 Nh5 14. Kh2 a4 15. Rc1 axb3 16. axb3 Nf6 17. Rc2 Nc6 18. Rd2 Qc8 19. Nxc6 Bxc6 20. Bd4 h5 21. Nd5 Bxd5 22. cxd5 Qd8 23. Rde2 h4 24. e5 hxg3+ 25. fxg3 dxe5 26. Bxe5 Qd7 27. d6 cxd6 28. Bxd6 Rxe2 29. Rxe2 Ne8 30. Rd2 Ra1 31. Qg4 Qxg4 32. hxg4 Rb1 33. Bf4 Nf6 34. g5 Nh5 35. Bb8 Bc3 36. Rd8+ Kh7 37. Rd7 Rxb3 38. Rxf7+ Ng7 39. Bxb7 Rb5 40. Bf4 Kg8 41. Rd7 Nh5 42. Bd5+ Kh8 43. Bc7 Rc5 44. Rd8+ Kh7 45. Rd7+ Kh8 46. Kh3 Bb2 47. Rd8+ Kh7 48. Bb6 Rb5 49. Rd7+ Kh8 50. Rd6 Be5 51. Rxg6 Rxd5 52. Rh6+ Kg7 53. Rxh5 Rd3 54. Bf2 Kg6 55. Kg4 Bg7 56. Rh1 Rd2 57. Be3 Rc2 58. Rb1 Rc6 59. Bf4 Ra6 60. Rb8 Rc6 61. Rg8 Kf7 62. Ra8 Kg6 63. Kh4 Re6 64. Kg4 Rc6 65. Kf3 Re6 66. Ra7 Bd4 67. Rd7 Bg7 68. Be3 Be5 69. Rd3 Bg7 70. Bf4 Rc6 71. Ke4 Re6+ 72. Kd5 Ra6 73. Rb3 Bf8 74. Rb8 Bg7 75. Rc8 Ba1 76. Bd6 Kxg5 77. Ke6 Kg6 78. Rc4 Bf6 79. Rf4 Bg5 80. Rf8 Bh6 81. Rf6+ Kg5 82. Kf7 Ra7+ 83. Be7 Kh5 84. g4+ Kxg4 85. Rxh6 Rb7 86. Ke6 Rb5 87. Rh4+ Kg3 88. Ra4 Kf3 89. Bd6 Ke3 90. Be5 Kf3 91. Kf5 Rb3 92. Rh4 Rb5 93. Rh3+ Kg2 94. Ra3 Kf2 95. Ke4 Kg2 96. Ra2+ Kg1 97. Bf4 Rb3 98. Be3+ Kh1 99. Kf3 Rb1 100. Ra8 Rb2 101. Ra1+ 1-0

[Event "ROM-ch"]
[Site "Targu Mures"]
[Date "2014.04.30"]
[Round "6"]
[White "Nastase, Robert Paul"]
[Black "Duca, Alexandru Gabriel"]
[Result "1-0"]
[WhiteElo "2107"]
[BlackElo "2307"]
[PlyCount "103"]
[EventDate "2014.04.26"]
[EventType "swiss"]
[EventRounds "11"]
[EventCountry "ROU"]
[SourceTitle "CBM 160 Extra"]
[Source "ChessBase"]
[SourceDate "2014.07.01"]
[SourceVersion "1"]
[SourceVersionDate "2014.07.01"]
[SourceQuality "1"]

1. e4 d6 2. d4 Nf6 3. Nc3 e5 4. Nf3 Nbd7 5. Bc4 Be7 6. 0-0 0-0 7. Re1 c6 8. a4 b6 9. b3 a6 10. d5 cxd5 11. Nxd5 Bb7 12. Ba3 Bxd5 13. Bxd5 Ra7 14. Bc4 Qb8 15. Qe2 Qb7 16. Bb4 Rc8 17. Rad1 Nc5 18. Ng5 Rf8 19. Bxc5 bxc5 20. Nf3 Qc6 21. Nd2 Bd8 22. Qd3 Ba5 23. c3 g6 24. Nf1 Kg7 25. Re3 Rd8 26. Ng3 h5 27. h4 Rdd7 28. Re2 Ng4 29. Nf1 Bd8 30. g3 Ba5 31. f3 Nf6 32. Ne3 Rd8 33. Kg2 Qc8 34. Rdd2 Rdd7 35. Nd1 Bd8 36. Nf2 Ng8 37. Rd1 Ne7 38. Red2 Nc6 39. Qe3 Be7 40. Bd5 Rac7 41. b4 Qb8 42. bxc5 dxc5 43. f4 Bf6 44. f5 Na5 45. fxg6 fxg6 46. Nd3 Qf8 47. Rf2 Qd6 48. Rdf1 Bd8 49. c4 Nb3 50. Rf8 Nd4 51. Rg8+ Kh7 52. Rh8+ 1-0

[Event "ROM-ch"]
[Site "Targu Mures"]
[Date "2014.04.29"]
[Round "5"]
[White "Duca, Alexandru Gabriel"]
[Black "Doncea, Vladimir"]
[Result "0-1"]
[WhiteElo "2307"]
[BlackElo "2405"]
[PlyCount "72"]
[EventDate "2014.04.26"]
[EventType "swiss"]
[EventRounds "11"]
[EventCountry "ROU"]
[SourceTitle "CBM 160 Extra"]
[Source "ChessBase"]
[SourceDate "2014.07.01"]
[SourceVersion "1"]
[SourceVersionDate "2014.07.01"]
[SourceQuality "1"]

1. d4 d5 2. c4 e6 3. Nf3 a6 4. Nc3 dxc4 5. e3 b5 6. a4 b4 7. Nb1 Bb7 8. Bxc4 Nd7 9. 0-0 Ngf6 10. Nbd2 Be7 11. Nb3 c5 12. a5 Qc7 13. Qe2 0-0 14. Bd2 Ne4 15. Rac1 Nxd2 16. Nfxd2 Rfc8 17. Bd3 Qd8 18. Be4 Bxe4 19. Nxe4 cxd4 20. exd4 Nf6 21. Nxf6+ Bxf6 22. Rxc8 Qxc8 23. Rc1 Qb8 24. Rc6 Qb7 25. Qc4 g6 26. g3 Kg7 27. Rb6 Qe4 28. Rxa6 Rd8 29. Qc7 Bxd4 30. Qf4 Bxf2+ 31. Kxf2 Qc2+ 32. Kf3 Qxb3+ 33. Kg4 Qd1+ 34. Kh3 Qh5+ 35. Qh4 Qf5+ 36. Qg4 Qf1+ 0-1

[Event "ROM-ch U20"]
[Site "Voineasa"]
[Date "2010.04.14"]
[Round "9"]
[White "Chifor, Ovidiu Emanuel"]
[Black "Duca, Alexandru Gabriel"]
[Result "1/2-1/2"]
[WhiteElo "2250"]
[BlackElo "2298"]
[PlyCount "112"]
[EventDate "2010.04.08"]
[EventType "swiss"]
[EventRounds "9"]
[EventCountry "ROU"]
[SourceTitle "EXT 2020"]
[Source "ChessBase"]
[SourceDate "2019.10.17"]
[SourceVersion "1"]
[SourceVersionDate "2019.10.17"]
[SourceQuality "1"]

1. d4 Nf6 2. c4 e6 3. Nc3 Bb4 4. g3 0-0 5. Bg2 d5 6. Nf3 Nbd7 7. Qb3 Ba5 8. 0-0 c6 9. Bf4 Bc7 10. Bxc7 Qxc7 11. Rfe1 b6 12. Nd2 Bb7 13. e4 dxc4 14. Nxc4 e5 15. d5 Ba6 16. Ne3 c5 17. a4 c4 18. Nb5 Bxb5 19. Qxb5 Nc5 20. Qxc4 a5 21. f3 Ne8 22. Bf1 Nd6 23. Qc3 Rae8 24. b4 axb4 25. Qxb4 f5 26. exf5 Nxf5 27. Nxf5 Rxf5 28. a5 bxa5 29. Rxa5 Nb3 30. Qa4 Ref8 31. Ra8 Nd4 32. Rxf8+ Rxf8 33. Bg2 Nxf3+ 34. Bxf3 Rxf3 35. Qe8+ Rf8 36. Qxe5 Qxe5 37. Rxe5 Rf3 38. Re7 Rd3 39. Rd7 Rd2 40. d6 Kf8 41. h4 h5 42. Kf1 g6 43. Ke1 Rd5 44. Ke2 Ke8 45. Re7+ Kf8 46. Re6 Kf7 47. Re7+ Kf8 48. Rd7 Ke8 49. Rc7 Rxd6 50. Ke3 Rd7 51. Rxd7 Kxd7 52. Kf4 Ke6 53. Ke4 Kf6 54. Kf4 Ke6 55. Kg5 Kf7 56. Kh6 Kf6 1/2-1/2

[Event "ROM-ch U20"]
[Site "Voineasa"]
[Date "2010.04.11"]
[Round "6"]
[White "Duca, Alexandru Gabriel"]
[Black "Georgescu, Tiberiu Marian"]
[Result "1-0"]
[WhiteElo "2298"]
[BlackElo "2397"]
[PlyCount "115"]
[EventDate "2010.04.08"]
[EventType "swiss"]
[EventRounds "9"]
[EventCountry "ROU"]
[SourceTitle "EXT 2020"]
[Source "ChessBase"]
[SourceDate "2019.10.17"]
[SourceVersion "1"]
[SourceVersionDate "2019.10.17"]
[SourceQuality "1"]

1. Nf3 c5 2. c4 Nc6 3. e3 Nf6 4. Nc3 e6 5. a3 a6 6. Be2 Be7 7. 0-0 0-0 8. d4 d5 9. dxc5 Bxc5 10. b4 Bd6 11. cxd5 exd5 12. Bb2 Be6 13. b5 Na5 14. Nd4 Be5 15. bxa6 bxa6 16. Na4 Bd7 17. h3 Bd6 18. Bd3 Nc4 19. Bc3 Ne4 20. Bxe4 dxe4 21. Bb4 Bxb4 22. axb4 Qg5 23. Kh1 Qh6 24. Nc5 Rfd8 25. Nxd7 Rxd7 26. Qc2 Rc8 27. Qxe4 Qd6 28. Nf5 Qf8 29. Rfd1 Nd6 30. Qg4 Rcd8 31. Nxd6 Rxd6 32. Rxd6 Qxd6 33. Qc4 Qf6 34. Ra2 Qe5 35. g3 Qf5 36. Kg2 h5 37. Rxa6 Rd2 38. Qf4 Qc8 39. Ra7 Qe6 40. Ra8+ Kh7 41. Qf3 g6 42. b5 Rd7 43. Qc6 Rd6 44. Qe8 Qxe8 45. Rxe8 Rd5 46. b6 Rb5 47. Re7 Kg7 48. b7 Kf6 49. Rc7 Ke6 50. h4 f5 51. Kf3 Kf6 52. Ke2 Rb3 53. Kd2 Ke5 54. Kc2 Rb6 55. f3 Kf6 56. Kd3 Rb1 57. Kd4 Ke6 58. Kc5 1-0

[Event "ROM-ch"]
[Site "Eforie Nord"]
[Date "2009.02.06"]
[Round "7"]
[White "Anuta, Laurentiu"]
[Black "Duca, Alexandru Gabriel"]
[Result "0-1"]
[WhiteElo "2059"]
[BlackElo "2230"]
[PlyCount "70"]
[EventDate "2009.01.31"]
[EventType "swiss"]
[EventRounds "9"]
[EventCountry "ROU"]
[SourceTitle "CBM 130 Extra"]
[Source "ChessBase"]
[SourceDate "2009.07.02"]
[SourceVersion "2"]
[SourceVersionDate "2009.07.15"]
[SourceQuality "1"]

1. d4 Nf6 2. Bg5 e6 3. Nf3 h6 4. Bh4 d6 5. e3 g5 6. Bg3 Ne4 7. Bd3 Nxg3 8. hxg3 Bg7 9. c3 Bd7 10. Na3 Nc6 11. b4 Ne7 12. Rc1 Ng6 13. Qc2 f5 14. Nc4 Qf6 15. e4 0-0-0 16. e5 Qf8 17. exd6 cxd6 18. b5 e5 19. b6 a6 20. dxe5 dxe5 21. Nfd2 e4 22. Be2 Kb8 23. 0-0 h5 24. Rfd1 h4 25. g4 Nf4 26. Bf1 Nd3 27. Rb1 Qc5 28. Bxd3 exd3 29. Qxd3 Ba4 30. Qe2 Bxd1 31. Rxd1 Rhe8 32. Qf3 fxg4 33. Qxg4 Bxc3 34. Kh2 Bxd2 35. Rxd2 Rxd2 0-1

[Event "Tirgu Mures Cup III-A "]
[Site "Tirgu Mures"]
[Date "2008.02.03"]
[Round "3"]
[White "Biro, Sandor"]
[Black "Duca, Alexandru Gabriel"]
[Result "1-0"]
[WhiteElo "2298"]
[BlackElo "2023"]
[PlyCount "29"]
[EventDate "2008.02.02"]
[EventType "swiss"]
[EventRounds "7"]
[EventCountry "ROU"]
[SourceTitle "EXT 2010"]
[Source "ChessBase"]
[SourceDate "2010.11.25"]
[SourceVersion "1"]
[SourceVersionDate "2010.11.25"]
[SourceQuality "1"]

1. e4 e5 2. Nf3 Nc6 3. Nc3 Nf6 4. a3 d5 5. Bb5 dxe4 6. Nxe5 Qd6 7. d4 exd3 8. 0-0 Be6 9. Bf4 Qd4 10. Qf3 Bd6 11. Nxc6 bxc6 12. Bxc6+ Kd8 13. Bxd6 Rb8 14. Bf4 Rxb2 15. Rad1 1-0

[Event "ROM-ch U16"]
[Site "Amara"]
[Date "2007.04.13"]
[Round "3"]
[White "Duca, Alexandru Gabriel"]
[Black "Nitelea, Barbu Alexandru"]
[Result "0-1"]
[WhiteElo "1932"]
[BlackElo "1943"]
[PlyCount "80"]
[EventDate "2007.04.12"]
[EventType "swiss"]
[EventRounds "9"]
[EventCountry "ROU"]
[SourceTitle "EXT 2010"]
[Source "ChessBase"]
[SourceDate "2010.11.25"]
[SourceVersion "1"]
[SourceVersionDate "2010.11.25"]
[SourceQuality "1"]

1. e4 c5 2. Nf3 e6 3. d4 cxd4 4. Nxd4 a6 5. Bd3 Bc5 6. Nb3 Ba7 7. Qg4 Nf6 8. Qg3 d6 9. Nc3 Nc6 10. Bg5 h6 11. Bd2 Nh5 12. Qf3 Qh4 13. g3 Ne5 14. Qe2 Qg4 15. 0-0-0 Qxe2 16. Bxe2 Nf6 17. f3 Ke7 18. h3 b5 19. f4 Ng6 20. Bf3 Rb8 21. Na5 Bd7 22. a3 Rhc8 23. Ne2 Bc5 24. Bb4 e5 25. f5 Nf8 26. Nc3 N8h7 27. Nd5+ Nxd5 28. Rxd5 Nf6 29. Rd3 Bxb4 30. axb4 d5 31. exd5 Kd6 32. Nc6 Bxf5 33. Rc3 Rb6 34. Re1 e4 35. Nd4 Rxc3 36. Nxf5+ Ke5 37. bxc3 Kxf5 38. Bg2 Rd6 39. Kd2 Ke5 40. Ke3 Nxd5+ 0-1